MOVIE'S ICONIC SOUNDTRACK - Statistics

General Stats
  • This quiz has been taken 34 times
  • The average score is 15 of 30
Answer Stats
Hint Answer % Correct
Jaws Jaws
90%
Let It Go Frozen
86%
You Got a Friend In Me Toy Story
86%
Jurassic Jurassic Park
83%
Circle of Life Lion King
79%
A Whole New World Aladdin
76%
Avengers Suite Avengers
69%
Hedwig's Theme Harry Potter
69%
The Pink Panther Pink Panther
69%
My Hearts Will Go On Titanic
69%
Venom Venom
69%
Happy Despicable Me 2
62%
He's a Pirate Pirates of the Caribbean
62%
The Imperial March Star wars
62%
Skyfall James Bond
59%
Rewrite the Stars The Greatest Showman
52%
See You Again Fast and Furious
45%
Like a Prayer / Bye Bye Bye Deadpool and Wolverine
38%
Immigrant Song Thor: Ragnarok
34%
Test Drive How to Train Your Dragon
31%
Life Could Be a Dream Cars
24%
Cornfield Chase Interstellar
24%
Married Life Up
24%
Firework Madagascar 3
21%
M:I Mission Impossible
21%
Come And Get Your Love Guardians of the Galaxy
14%
Le Festin Ratatouille
14%
All The Stars Black Panther
10%
A Thousand Years Twilight Saga
10%
Sparkle Your Name
10%
No matching quizzes found
Score Distribution
Percent of People with Each Score
Percentile by Number Answered
Your Score History
You have not taken this quiz